000
00236nam a2200085 4500
001
1254195
005
20251105091752.0
245
_a
YOL GÖSTERİCİ KUTSAL KİTAPLAR
_c
HATİCE DEMİRBAĞ
260
_b
DİYANET İŞLERİ BAŞKANLIĞI YAYINLARI
999
_c
1254195
_d
1254195